CONSERVATIVE DENTISTRY (Record no. 9536)
[ view plain ]
| 000 -LEADER | |
|---|---|
| fixed length control field | 00318nam a22001457a 4500 |
| 082 ## - DEWEY DECIMAL CLASSIFICATION NUMBER | |
| Classification number | 617.6342 |
| Item number | C13G |
| 100 ## - MAIN ENTRY--PERSONAL NAME | |
| Personal name | GUPTA,RUCHI |
| 245 ## - TITLE STATEMENT | |
| Title | CONSERVATIVE DENTISTRY |
| 250 ## - EDITION STATEMENT | |
| Edition statement | 1ST |
| 260 ## - PUBLICATION, DISTRIBUTION, ETC. (IMPRINT) | |
| Place of publication, distribution, etc | DELHI |
| Name of publisher, distributor, etc | ELSEVIER |
| Year of Publication | 2013 |
| 300 ## - PAGE DESCRIPTION | |
| No. of Pages | 521 |
| 650 ## - SUBJECT ADDED ENTRY--TOPICAL TERM | |
| Topical term or geographic name as entry element | CONSERVATIVE DENTISTRY |
| 653 ## - KEYWORDS--INDEX TERM | |
| Keyword term | FD7316 |
| 942 ## - ADDED ENTRY ELEMENTS (KOHA) | |
| Source of classification or shelving scheme | Dewey Decimal Classification |
| Koha item type | Books |
| 942 ## - ADDED ENTRY ELEMENTS (KOHA) | |
| -- | 5 |
| Withdrawn status | Lost status | Source of classification or shelving scheme | Damaged status | Not for loan | Home library | Current library | Shelving location | Date acquired | Vendor Name | Cost, normal purchase price | SGTU | Total Checkouts | Full call number | Accession No. (Barcode) | Date last seen | Date last borrowed | Bill Date | Koha item type |
|---|---|---|---|---|---|---|---|---|---|---|---|---|---|---|---|---|---|---|
| Dewey Decimal Classification | SGT Dental Library | SGT Dental Library | Text Book | 12/07/2016 | ABC DELHI | 0.00 | SGTU | 5 | 617.6342 C13G | FD7316 | 31/08/2024 | 27/08/2024 | 12/07/2016 | Books |